Culture Générale - Série 133 - Statistiques

Statistiques générales
  • Ce quiz a été pris 431 fois
  • Le résultat moyen est 5 sur 10
Statistiques - réponses
Question Réponse % Correct
Dans quel pays africain se passe le 2e tome des aventures de Tintin ? Congo
86%
Quels fruits rouges garnissent traditionnellement une forêt-noire ? Cerises
82%
Quel haricot est l'ingrédient de base du chili con carne ? Haricot rouge
78%
Que manque-t-il à l'avion chanté par CharlElie Couture en 1981 ? Ailes
69%
A quel écrivain tchèque doit-on "La Métamorphose", en 1915 ? Franz Kafka
65%
A quel groupe doit-on le tube "Le Chemin", en 2003 ? Kyo
52%
Selon la phrase attribuée à Cambronne, qui "meurt et ne se rend pas" ? La garde
39%
De quel instrument de musique Jean Reno joue-t-il dans "Subway" ? Batterie
28%
Quel chanteur joue le rôle de Gilbert Bécaud dans "Toute une vie" ? Gilbert Bécaud
4%
Quelle agence Gilles Caron et Raymond Depardon ont-ils fondée ? Gamma
2%
Aucun quiz correspondant
Distribution des résultats
% des personnes avec chaque résultat
Percentile par nombre de réponses
Votre historique - résultats
Vous n’avez pas pris ce quiz